[Event "Sec op-B"]
[Site "Sec u Chrudimi"]
[Date "2007.10.24"]
[Round "6"]
[White "Ondrej, Tomas"]
[Black "Pazdera, Jaroslav"]
[Result "1-0"]
[WhiteElo "1529"]
[BlackElo "1635"]
[PlyCount "61"]
[EventDate "2007.10.20"]
[EventType "swiss"]
[EventRounds "9"]
[EventCountry "CZE"]
[SourceTitle "EXT 2022"]
[Source "ChessBase"]
[SourceDate "2021.10.06"]
[SourceVersion "1"]
[SourceVersionDate "2021.10.06"]
[SourceQuality "1"]

1. c4 e5 2. b3 Bc5 3. e3 Nc6 4. Bb2 Qf6 5. Nf3 d6 6. Be2 Nge7 7. 0-0 Qg6 8. Nh4 Qg5 9. g3 Bh3 10. Ng2 Ng6 11. Nc3 f5 12. Na4 f4 13. Nxc5 dxc5 14. Bf3 Nce7 15. Bxb7 Rd8 16. exf4 exf4 17. Bxg7 Rg8 18. Bc3 h5 19. Bf3 Kd7 20. Bxh5 fxg3 21. fxg3 Bxg2 22. Bf6 Qh6 23. Bg4+ Kc6 24. Rf2 Bh3 25. Bf3+ Kb6 26. b4 Rd6 27. Qa4 c6 28. bxc5+ Kc7 29. Qxa7+ Kd8 30. cxd6 Qh7 31. Bxc6 1-0

[Event "CZE-ch Juniors op-B"]
[Site "Sec u Chrudimi"]
[Date "2007.03.12"]
[Round "3"]
[White "Safarik, Jakub"]
[Black "Ondrej, Tomas"]
[Result "1-0"]
[WhiteElo "1599"]
[BlackElo "1562"]
[PlyCount "37"]
[EventDate "2007.03.10"]
[EventType "swiss"]
[EventRounds "9"]
[EventCountry "CZE"]
[SourceTitle "EXT 2008"]
[Source "ChessBase"]
[SourceDate "2007.11.25"]
[SourceVersion "1"]
[SourceVersionDate "2007.11.25"]
[SourceQuality "1"]

1. d4 b6 2. c4 e6 3. e4 d5 4. Nc3 Bb7 5. exd5 exd5 6. cxd5 Bb4 7. Qa4+ c6 8. Qxb4 a5 9. Qb3 Nf6 10. Nf3 0-0 11. Be2 Re8 12. 0-0 Nxd5 13. Nxd5 Rxe2 14. Nc3 Re6 15. Bg5 Qc7 16. Rfe1 Rxe1+ 17. Rxe1 Nd7 18. Re7 Rf8 19. Ne5 1-0